000 00812nam a2200277Ia 4500
005 20250117103605.0
008 008 250103s9999 xx 000 0 eng d
020 _a9781108423335
037 _aTextual
040 _aCSL
_beng
_cCSL
041 _aeng
_2eng
084 _aCN1 R2
_qCSL
100 _aBerera, Arjun
_9731833
245 0 _aQuantum mechanics
_cBerera, Arjun; Debbio, Luigi del
260 _aCambridge
_bCambridge University Press
_c2022
300 _axxv, 416p. ill.
650 _a Angular momentum
650 _a Dyanimcs
_9734068
650 _a Hydrogen atom
_9716664
650 _a Potentials
_9734069
650 _a Quantum entanglement
_9715362
650 _aPhysics
700 _a Debbio, Luigi del
_9731835
942 _cTEXL
_hCN1 R2
999 _c1237817
_d1237817